| 000 | 01750nam0a2200337 4500 | ||
|---|---|---|---|
| 001 | RU\NLR\bibl\945341 | ||
| 005 | 20260405153411.0 | ||
| 010 |
_a5-9669-0146-5 _9400 |
||
| 021 |
_aRU _b2006-21936 _91096 |
||
| 035 | _a(NLR Aleph) 000933483 | ||
| 090 |
_a174666 _c174666 |
||
| 100 | _a20060506d2006 |||y0rusy50 ca | ||
| 101 | 0 | _arus | |
| 102 | _aRU | ||
| 105 | _aa ||||||||| | ||
| 200 | 1 |
_aМатематические модели ценообразования в естественной монополии _fЮ.В. Зайцева _gМ-во образования и науки Рос. Федерации, Волгоград. гос. ун-т |
|
| 210 |
_aВолгоград _cИзд-во Волгоградского государственного университета _d2006 |
||
| 215 |
_a117 с. _cил. _d21 |
||
| 300 | _aВ вып. дан. авт.: Зайцева Ю.В., к.э.н., доц. каф. "Мат. методы и информатика в экономике" Волгоград. гос. ун-та | ||
| 320 | _aБиблиогр.: с. 115-117 (27 назв.) | ||
| 606 | 1 |
_aЕстественные монополии _yРоссийская Федерация _92258733 _3RU\NLR\auth\661354462 |
|
| 606 | 1 |
_aЕстественные монополии _xЦенообразование _xМатематическое моделирование _92428422 _3RU\NLR\auth\661445642 |
|
| 686 | _aУ9(2)-13(2Р) | ||
| 686 | _aУ9(2)-861(2Р)в611 | ||
| 700 | 1 |
_4070 _8rus _7ca _aЗайцева _bЮ. В. _cканд. экон. наук _gЮлия Владимировна _3RU\NLR\auth\7764408 _947337 |
|
| 801 | 0 |
_aRU _bNLR _c20060506 _grcr |
|
| 801 | 1 |
_aRU _bNLR _c20060506 |
|
| 942 | _cBOOK | ||
| 980 | _aNB | ||
| 980 | _aNBR | ||